Countries Visiting Montenegro the Most - Statistics

General Stats
  • This quiz has been taken 393 times
  • The average score is 12 of 15
Answer Stats
Visitors Country % Correct
405,426 Serbia
99%
28,597 Croatia
96%
42,360 United Kingdom
95%
183,690 Bosnia and Herzegovina
94%
35,525 Italy
94%
56,206 Albania
93%
57,813 Germany
93%
350,468 Russia
92%
60,865 France
88%
46,948 Kosovo
83%
45,947 Turkey
77%
56,061 Poland
74%
57,795 Ukraine
73%
31,211 Belarus
41%
30,506 Israel
23%
No matching quizzes found
Score Distribution
Percent of People with Each Score
Percentile by Number Answered
Your Score History
You have not taken this quiz